Cliquez sur les pays d'Europe avec une carte vierge - Statistiques

Statistiques générales
  • Ce quiz a été pris 652 fois
  • Le résultat moyen est 26 sur 45
Réponses sur la Carte
Les réponses sont colorées sur une échelle allant du rouge au vert en fonction du pourcentage des utilisateurs qui les ont devinées à leur premier essai. Vous pouvez retrouver ces pourcentages ci-dessous.
 
Statistiques - réponses
Réponse % Correct
Ukraine
88%
Russie
82%
Allemagne
78%
Espagne
75%
Biélorussie
71%
Belgique
70%
Pologne
70%
Suisse
70%
Tchéquie
69%
Portugal
68%
Kosovo
67%
Luxembourg
67%
Andorre
66%
Finlande
64%
Lettonie
64%
Liechtenstein
63%
Moldavie
63%
Slovénie
63%
Bosnie-Herzégovine
62%
Slovaquie
62%
Vatican
60%
Autriche
59%
Irlande
58%
Norvège
58%
Macédoine du Nord
57%
Monaco
57%
Bulgarie
54%
Estonie
54%
Italie
54%
Roumanie
53%
Saint-Marin
53%
Suède
53%
Islande
51%
Lituanie
51%
Monténégro
51%
Royaume-Uni
49%
Pays-Bas
48%
France
44%
Hongrie
44%
Serbie
42%
Albanie
36%
Croatie
36%
Danemark
36%
Grèce
26%
Malte
26%
Aucun quiz correspondant
Distribution des résultats
% des personnes avec chaque résultat
Percentile par nombre de réponses
Votre historique - résultats
Vous n’avez pas pris ce quiz